000 02139nam a22003257a 4500
001 4475
003 FISKH
005 20240911161547.0
008 240911b cb ||||| |||| 00| 0 eng d
020 _a9789995088859
040 _aFISKH
_bBilingual
_cFISKH
_dFISKH
050 _aPZ7
082 _a900
100 _aSotheary, Kimsun
_eEditor
245 _aសត្វប្រឡាំងកាស /
_cby Kimsun Sotheary
250 _aចេញផ្សាយខែធ្នូ ២០០៧
260 _aភ្នំពេញ :
_bReading Books ;
_c២០០៧​ .
300 _a20 pages :
_bcolor illustrations ;
_c26 cm .
490 _aពិភពរឿងនិទាន
505 _aM
520 _aកាលពីព្រេងនាយមានក្សត្រមួយអង្គមានមហេសីប្រកបដោយរូបឆោមលោមពណ៏ ទ្រង់មានបុត្រាមួយអង្គ ជាអកុសលមានមានសត្វគ្រុឌមួយពាំព្រះរាជកុមារទៅជាមួយ ។ ព្រះបិតាមានការភិតភ័យជាខ្លាំងដោយចាត់អោយនាងណាំក្រឺះតាមស្វែងរក ។ នាងបានជួបនឺងព្រះរាជកុមារហើយក៏ហែលឆ្លងសមុទ្រត្រលប់មកព្រះនគរវិញ តែអកុសលពួកគេបានស្លាប់ដោយសារលង់ទឺក ។
520 _aOnce upon a time, there was a king who had a beautiful wife, and he had a son. Unfortunately, there was a gourd with a child. The father was terrified and sent her to search. She met the royal children and swam across the sea back to the kingdom, but unfortunately they died from drowning .
521 8 _a550
_bLexile estimate
521 8 _aM
_bRaz-Plus
650 _aរាជកុមារ
_vរឿងប្រឌិត
650 _achild
_vfiction
700 _aRA B , Tha
_eillustrator
942 _2ddc
_cKHB
_n0
999 _c4475
_d4475